000 00366cam a2200157ua 4500
041 _aeng
_h
082 _a540
_bCOO/FI
100 _aCook, E E .
245 _aFirst chemistry /
_cE E Cook.
_hTextual Documents
250 _a1 /
_b.
260 _aLondon :
_bLongman Green and Co ,
_c1967.
300 _a293 ; .
504 _a
942 _cBK
999 _c8834
_d8834